Tunnel entrance lighting : a survey of fundamentals for determining the luminance in the threshold zone /

Bewaard in:
Bibliografische gegevens
Coauteurs: International Commission on Illumination, CIE Technical Committee TC-4.6 Road Lighting
Formaat: Boek
Taal:English
Gepubliceerd in: Paris : Bureau central de la CIE, c1984.
Reeks:Publication CIE ; no. 61
Onderwerpen:
LEADER 01201nam a2200277 a 4500
001 c000053809
003 CARM
005 00000000000000.0
008 860618s1984 fr a b 00000 eng d
019 1 |a 3918033  |5 LACONCORD2021 
035 |a (OCoLC)13688062  |5 LACONCORD2021 
040 |a VU  |c VU 
082 1 |a 628.95  |2 19 
245 0 0 |a Tunnel entrance lighting :  |b a survey of fundamentals for determining the luminance in the threshold zone /  |c report prepared by CIE Technical Committee 4.6 Road Lighting. 
260 |a Paris :  |b Bureau central de la CIE,  |c c1984. 
300 |a vii, 72 p. :  |b ill. ;  |c 29 cm. 
440 0 |a Publication CIE ;  |v no. 61 
500 |a At head of title : International Commission on Illumination. 
500 |a Summary in English, French and German. 
504 |a Bibliography : p. 66-70. 
650 0 |a Tunnels  |x Lighting. 
710 2 0 |a International Commission on Illumination. 
710 2 0 |a CIE Technical Committee TC-4.6 Road Lighting. 
852 8 |b CARM  |h A2:AF17C0  |i D01033  |p 0048926  |f BK 
999 f f |i a74073ca-88ff-5300-b011-eaf79e1a40ff  |s a3bf6983-7af9-56ed-86e8-00c2bf9149ee 
952 f f |p Can circulate  |a CAVAL  |b CAVAL  |c CAVAL  |d CARM 1 Store  |e D01033  |f A2:AF17C0  |h Other scheme  |i book  |m 0048926